| 000 | 00729nam a22002177a 4500 | ||
|---|---|---|---|
| 003 | 0 | ||
| 005 | 20250729120747.0 | ||
| 008 | 250729b xxu||||| |||| 00| 0 eng d | ||
| 020 | _a9781984694546 | ||
| 050 |
_aHD 30.2 _b.R53 2025 |
||
| 100 | _aRichardson, Lucas | ||
| 245 |
_aArtificial intelligence for business efficiency _cLucas Richardson |
||
| 260 |
_aNew York, NY _b3G E-Learning LLC _c2025 |
||
| 300 |
_axv, 281 pages ; _c26cm. |
||
| 504 | _aIncludes bibliographical references and index. | ||
| 650 | _aArtificial intelligence—Industrial applications. | ||
| 650 | _aArtificial intelligence. | ||
| 650 | _aBusiness—Data processing. | ||
| 650 | _aTechnological innovations—Management. | ||
| 942 |
_2lcc _cBK |
||
| 999 |
_c367485 _d367485 |
||